| 000 | 00666nam a22002297a 4500 | ||
|---|---|---|---|
| 003 | OSt | ||
| 005 | 20220107122744.0 | ||
| 008 | 140426b xxu||||| |||| 00| 0 eng d | ||
| 020 | _a9788126522590 | ||
| 040 | _cIIITM-K | ||
| 082 | _a004.22 RAF/F;1 | ||
| 100 |
_aRafiquzzaman, M _94540 |
||
| 245 |
_aFundamentals of digital logic and microcomputer design _cby M Rafiquzzaman |
||
| 250 | _a5th ed. | ||
| 260 |
_aNew Delhi, _bWiley, _c2010. |
||
| 300 |
_axviii, 820p. _e1 CD ROM |
||
| 650 |
_aCOMPUTER SCIENCE _94541 |
||
| 650 |
_aCOMPUTER PROGRAMMING _94542 |
||
| 650 |
_aPROGRAMMING LANGUAGES _94543 |
||
| 650 |
_aMICROCOMPUTER PROCESSING _94544 |
||
| 942 |
_2ddc _cBK |
||
| 999 |
_c4073 _d4073 |
||